1195 1216 1299 1300 1510 1048 1921 1020 1983 1215 1350 1324 1237 1379 1174 1338 1930 1434 1117 1979 1700 1157 1497 1541 1802 1982 1616 1975 1078 1761 1267 1623 1655 1426 1792 1400 1431 1112 1736 1407 1410 1690 1695 1879 1017 1026 1740 1481 1707 1166 1311 1990 1124 1671 1756 1398 1468 1192 1752 1937 1711 1053 1613 1845 1441 1818 1578 1496 1910 1564 1245 1832 1049 1876 1094 1571 1776 1256 1158 1708 1113 1352 1334 1395 1014 1910 1920 1974 1766 1771 1661 1666 1965 1826 1024 1722 1059 1829 1923 BCNSPRNW ULIB Ver.6.0+V

เปลี่ยนเป็นภาษาไทย

Change to English
 แสดงรายละเอียดบรรณานุกรม
  กลับหน้าหลัก

Brief Record : Get Marc (ISO 2709) : E-mail record : QR code < ปิดหน้าต่าง
LEADER : 00000nam 2200000uu 4500
001    13399115099
003     ULIB
008    120709s2551||||th 000 0 tha d
020    ^a9789747706598
090    ^aนว.^bล699ค 2551
100 0  ^aลูกชุบ
245 00 ^aคีย์รัก จังหวะหัวใจ เล่ม 1/^cลูกชุบ
250    ^aพิมพ์ครั้งที่ 1
260    ^aกรุงเทพฯ :^bแจ่มใส,^c2551
300    ^a223 หน้า
710 1  ^aแจ่มใส
945    ^p0^l0^i14813
995    ^aกัณชพร
999    ^aใช้งานได้ทุกระบบ
รายการนี้ยังไม่มีแท็ก
คุณยังไม่ได้ล็อกอิน คุณสามารถมีกิจกรรมร่วมกับเว็บไซต์ได้ แต่ต้องล็อกอินก่อน ::
  ล็อกอิน

รายการสื่อสารสนเทศ

ลำดับที่ ประเภท เลขเรียก/บาร์โค้ด สถานที่ สถานะ
1. นวนิยาย
นวนิยาย
นว. ล699ค 2551  
  Barcode: 14813
ห้องสมุดวิทยาเขตสวรรค์ประชารักษ์
►นวนิยาย
บนชั้น
  ขอยืม

รายการใกล้เคียง
    ผู้แต่ง [ลูกชุบ]

BibComment


ยังไม่เคยถูกคอมเมนท์

คอมเมนท์ทรัพยากรรายการนี้
  คอมเมนท์: คีย์รัก จังหวะหั..


 Copyright 2026. Bcnsprnw @Library